Vista normal
Vista MARC
- Krenek, Beate
Entrada Nombre personal
Número de registros utilizados en: 1
001 - NÚMERO DE CONTROL
- campo de control: 8322
003 - IDENTIFICADOR DE NÚMERO DE CONTROL
- campo de control: Iste
005 - FECHA Y HORA DE LA ÚLTIMA TRANSACCIÓN
- campo de control: 20251126144607.0
008 - ELEMENTOS DE DATO DE LONGITUD-FIJA
- campo de control de longitud fija: 251126|| aca||aabn | a|a d
040 ## - FUENTE DE CATALOGACIÓN
- Centro catalogador/agencia de origen: Iste
- Centro/agencia transcriptor: Iste
100 ## - ENCABEZAMIENTO-NOMBRE DE PERSONA
- Nombre de persona: Krenek, Beate
- Títulos y otros términos asociados al nombre: Autor
670 ## - FUENTE DE DATOS ENCONTRADOS
- Cita de la fuente: Work cat.: (Iste)1667: Krenek, Beate Autor Autor, Fisiología respiratoria en fisioterapia, 2023
